Interpret zum Song #2 - Statistiken

Allgemein
  • Dieses Quiz wurde 149 mal gespielt
  • Das Durchschnittsergebnis liegt bei 8 aus 15
Antwortstatistiken
Hinweis Antwort % Korrekt
In The Air Tonight Phil Collins
69%
Verdammt Ich lieb' dich Matthias Reim
64%
Born in the U.S.A Bruce Springsteen
63%
God's Plan Drake
63%
Rehab Amy Winehouse / Rihanna
62%
Wake Me up When September Ends Greenday
61%
I Gotta Feeling Black Eyed Peas
60%
Pompeii Bastille
58%
Girl on Fire Alicia Keys
56%
Herz an Herz Blümchen
54%
La Isla Bonita Madonna
54%
Buffalo Soldier Bob Marley & The Wailers
41%
Heat Waves Glass Animals
36%
Durstlöscher 01099, Gustav, Zachi, AVO
31%
Ich liebe das Leben Vicky Leandros
26%
Keine übereinstimmenden Quizze gefunden
Verteilung der Resultate
Anzahl Personen mit jedem Resultat
Perzentil nach korrekt beantworteten Fragen
Ihre Resultats-Entwicklung
Sie haben dieses Quiz noch nicht gespielt